000 004550000a22001690004500
041 0 _aSPA
082 0 4 _aG 266.0092 B8645r
100 1 _aBroda, Pablo A.
245 1 0 _aRecuerdo un evangelio : Biografía de Pabla M. de Broda / Pablo A. Broda
260 _aEl Paso, TX., USA : Verdad
300 _a70 Pag
001 7380
942 _cBK
999 _c37595
_d37595
336 _atexto
_btxt
_2rdacontent
337 _2rdamedia
_asin mediación
_bn
338 _2rdacarrier
_avolumen
_bnc